Match Countries to Language - Statistics

General Stats
  • This quiz has been taken 85 times
  • The average score is 7 of 10
Answer Stats
Hint Answer % Correct
Egypt, Jordan, Yemen Arabic
99%
Panama, Venezuela, Uruguay Spanish
99%
Germany, Austria, Switzerland German
94%
Angola, East Timor, Mozambique Portuguese
94%
Suriname, Belgium, Netherlands Dutch
88%
Monaco, Niger, Haiti French
86%
Iran, Tajikistan, Afghanistan Persian
72%
Singapore, Sri Lanka, India Tamil
51%
Peru, Bolivia, Ecuador Quechua
37%
Paraguay, Argentina, Brazil Guaraní
20%
No matching quizzes found
Score Distribution
Percent of People with Each Score
Percentile by Number Answered
Your Score History
You have not taken this quiz